00313 a2200097 4500001000900000005001700009008004100026245006700067100002700134773005400161ART_761020260410161637.0260409a 10aPanorama internacional. Más sobre posibles reformas fiscales1 aEdelstein, Andrés M.0 tConsultor tributariog- Nº 4 (jun. 2007)wREV474